[Event "GER-chT U10"]
[Site "Magdeburg"]
[Date "2014.12.28"]
[Round "4.3"]
[White "Watts, Marius"]
[Black "Thiel, Christoph"]
[Result "1-0"]
[WhiteElo "743"]
[BlackElo "600"]
[PlyCount "87"]
[EventDate "2014.12.27"]
[EventType "team-swiss"]
[EventRounds "7"]
[EventCountry "GER"]
[SourceTitle "EXT 2016"]
[Source "ChessBase"]
[SourceDate "2015.10.08"]
[SourceVersion "1"]
[SourceVersionDate "2015.10.08"]
[SourceQuality "1"]
[WhiteTeam "Leipzig Gruen Weiss III"]
[BlackTeam "Friedrichsfelde Borussia"]
[WhiteTeamCountry "GER"]
[BlackTeamCountry "GER"]

1. e4 e5 2. Nc3 Bb4 3. Nd5 Nc6 4. Nc3 Nf6 5. Nf3 d6 6. Bc4 0-0 7. d3 Bg4 8. Be3 Na5 9. Bd5 Nc6 10. Bc4 a6 11. Qd2 b5 12. Bd5 Bxc3 13. Qxc3 Bxf3 14. gxf3 Qc8 15. Bxc6 Ra7 16. Bxa7 Qd8 17. 0-0-0 Nh5 18. Be3 Qf6 19. Qd2 g5 20. Bxg5 Qe6 21. Bd5 Qd7 22. Be3 c6 23. Bb3 Ng7 24. Qe1 d5 25. Qf1 dxe4 26. Qg2 Re8 27. Bc5 Re7 28. Bxf7+ Kf8 29. Bxe7+ Qxe7 30. Qh3 Qxf7 31. Qh4 Qf5 32. Qh6 Kf7 33. Qd6 Qf4+ 34. Kb1 Nf5 35. Qxc6 Ne3 36. Rdg1 Qxf3 37. a3 Qxf2 38. Rg3 b4 39. Rh3 bxa3 40. Rxh7+ Kg8 41. Qd7 Qg2 42. Re7 Qxh1+ 43. Ka2 Nxc2 44. Re8# 1-0

[Event "GER-chT U10"]
[Site "Magdeburg"]
[Date "2014.12.28"]
[Round "5.4"]
[White "Wick, Jannis"]
[Black "Thiel, Christoph"]
[Result "0-1"]
[WhiteElo "600"]
[BlackElo "600"]
[PlyCount "104"]
[EventDate "2014.12.27"]
[EventType "team-swiss"]
[EventRounds "7"]
[EventCountry "GER"]
[SourceTitle "EXT 2016"]
[Source "ChessBase"]
[SourceDate "2015.10.08"]
[SourceVersion "1"]
[SourceVersionDate "2015.10.08"]
[SourceQuality "1"]
[WhiteTeam "Buende"]
[BlackTeam "Friedrichsfelde Borussia"]
[WhiteTeamCountry "GER"]
[BlackTeamCountry "GER"]

1. e4 e5 2. Nf3 Nc6 3. Nc3 Bb4 4. a3 Bc5 5. d3 Bd4 6. Nxd4 Nxd4 7. Be2 Nf6 8. 0-0 0-0 9. Be3 Nc6 10. h3 d6 11. Qd2 Ne8 12. Nd5 Be6 13. Bg5 Qc8 14. Nf6+ Kh8 15. Bh6 Rg8 16. Nxg8 Kxg8 17. Qg5 Qd8 18. Qg3 Nd4 19. Bg4 Bxg4 20. Qxg4 Nxc2 21. Rac1 Ne3 22. Rfe1 Nxg4 23. hxg4 gxh6 24. Re3 Ng7 25. g5 hxg5 26. Rg3 Rc8 27. Rg4 a5 28. Re1 b5 29. Re3 b4 30. Reg3 bxa3 31. bxa3 c5 32. Rxg5 c4 33. dxc4 Qxg5 34. Rxg5 Rxc4 35. f3 Rc1+ 36. Kf2 Ra1 37. Ke2 Rxa3 38. Kd2 Rb3 39. Kc2 a4 40. Rg4 Re3 41. Kd2 Rb3 42. Kc2 Rb8 43. Rh4 a3 44. Rh1 a2 45. g4 Ra8 46. Kb2 Rb8+ 47. Kc2 Ne6 48. Rg1 Nf4 49. Ra1 Rc8+ 50. Kb3 Rb8+ 51. Kxa2 Ne6 52. Rb1 Rc8 0-1